Type to 100 in 30 Seconds* - Statistics

General Stats
  • This quiz has been taken 2,882 times
  • The average score is 49 of 100
Answer Stats
Answer % Correct
1
100%
2
99%
3
99%
5
99%
4
98%
6
98%
7
98%
8
97%
9
97%
10
92%
11
90%
12
90%
13
88%
14
87%
15
87%
16
87%
17
86%
18
86%
19
86%
21
85%
20
84%
22
83%
23
82%
24
81%
25
80%
26
79%
27
78%
28
78%
29
78%
31
76%
30
75%
32
75%
33
73%
34
72%
35
70%
36
68%
37
67%
38
66%
39
65%
40
65%
41
63%
42
61%
43
61%
44
60%
45
56%
46
55%
47
53%
48
53%
49
51%
50
48%
51
47%
52
45%
53
45%
54
42%
55
42%
56
38%
57
35%
58
34%
60
31%
59
30%
61
30%
62
28%
63
27%
66
27%
64
25%
65
25%
67
23%
68
19%
69
19%
70
19%
71
18%
72
17%
73
17%
77
17%
74
14%
75
14%
76
13%
78
13%
88
12%
99
11%
100
10%
80
10%
81
10%
82
10%
90
10%
79
9%
83
9%
84
9%
85
9%
87
9%
89
9%
92
9%
86
8%
91
8%
93
8%
94
7%
95
7%
96
7%
97
7%
98
6%
No matching quizzes found
Score Distribution
Percent of People with Each Score
Percentile by Number Answered
Your Score History
You have not taken this quiz